[Event "ICS rated blitz match"]
[Site "207.99.83.227"]
[Date "1999.03.30"]
[Round "?"]
[White "Hossa"]
[Black "overdrawn-check"]
[Result "1-0"]
[WhiteElo "2427"]
[BlackElo "2059"]
[Annotator "Fritz 5.32 (15s)"]
[PlyCount "75"]

1. e4 e5 2. Nf3 Nc6 3. Bc4 Nf6 4. Ng5 d5 5. exd5 Na5 6. Bb5+ c6 7. dxc6 bxc6 8.
Qf3 Rb8 9. Bxc6+ Nxc6 10. Qxc6+ Nd7 11. d3 Be7 12. Nf3 $146 (12. Ne4 Rb6 (12...
Bb7 13. Qa4 Qc7 14. Nbc3 Bc6 15. Qc4 Qc8 16. Nd5 Bxd5 17. Qxd5 Qxc2 18. O-O f6
19. f4 Nb6 20. Qa5 Qxd3 21. Qxa7 O-O 22. Qxe7 Qxe4 23. Qe6+ Kh8 24. fxe5 fxe5
25. Rxf8+ Rxf8 26. h3 Qe1+ 27. Kh2 {
COMP Cry Blitz-COMP Belle/New York 1983/0-1 (42)}) 13. Qc4 Ba6 14. Qa4 f5 15.
Ng3 O-O 16. Be3 Nc5 17. Bxc5 Bxc5 18. Nd2 e4 19. O-O e3 20. Nf3 Qe8 21. Qxe8
exf2+ 22. Kh1 Rxe8 23. b3 f4 24. Nf5 g5 25. Nxg5 {
1-0 Tanti,J-Dammkoehler,G/IECG 1997 (25)}) (12. h4 h6 13. Nf3 Bb7 14. Qc4 O-O
15. Nc3 Rc8 16. Qa4 Rc6 17. Be3 Qc8 18. Kf1 {
1-0 Kopylov-Borisenko Georgy K/Ch Leningrad 1954 (18)}) 12... O-O $18 (12...
Bb7 13. Qa4 O-O 14. Nbd2 $18) 13. Qa4 $16 (13. Qe4 $5 13... Bb4+ 14. Nc3 Bxc3+
15. bxc3 15... Qa5 $16) 13... Rb4 14. Qxa7 Bc5 15. Qa8 e4 (15... Qb6 16. d4
exd4 17. Nbd2 $11) 16. dxe4 16... Rxe4+ $2 $18 (16... Qb6 $5 $142 17. a3 17...
Rxb2 $16) 17. Qxe4 Re8 18. Qxe8+ $1 {zwingend und schoen} 18... Qxe8+ 19. Kd1
Ne5 20. Nxe5 Qxe5 21. f3 Bf5 22. Nd2 Qd4 (22... Qe6 23. g4 23... Bxg4 $16) 23.
a4 h6 (23... Bd7 24. a5 Qf2 25. Re1 $18) 24. a5 Qf2 25. g4 Bg6 (25... Bd7 26.
Rf1 Qg2 27. a6 $18) 26. a6 Ba7 27. h4 (27. b3 {waere im Gewinnsinne praeziser}
27... f5 28. Rf1 Qxh2 29. gxf5 29... Bxf5 $18) 27... Bh7 (27... Qc5 28. c4 Bd3
29. Re1 Bxc4 30. Nxc4 Qxc4 31. Re8+ Kh7 32. Re4 Qd3+ 33. Ke1 $18) 28. Ra3 f6
29. b4 (29. Rc3 {ginge schneller} 29... Qg3 $18) 29... Qb6 30. c3 Qb5 (30...
Bd3 31. c4 Qe3 32. Re1 Bc2+ 33. Kxc2 Qxe1 34. Rd3 $18) 31. Re1 Bd3 (31... Kf8 {
kann das Vorangegangene nicht ungeschehen machen} 32. h5 $18) 32. c4 {
Weiss entwickelt eine toedliche Initiative} 32... Bxc4 (32... Qd7 {
aendert nichts mehr} 33. c5 Bb5 34. Bb2 $18) 33. Re7 Kf8 (33... Qb6 {
nuetzt auch nichts mehr} 34. Rxa7 $1 {triumphiert} (34. Nxc4 $6 34... Qd8+ 35.
Nd2 35... Qxe7 $18) 34... Qxa7 35. Nxc4 $18) 34. Rxa7 Qxb4 (34... Be2+ {
ist vielleicht noch ein Schwindelversuch} 35. Kc2 $1 {das war die Absicht}
35... Qxb4 $18) 35. Rb7 Qc5 36. a7 {Droht Matt} 36... Qg1+ 37. Kc2 Bd3+ (37...
Bb3+ {hilft auch nicht mehr} 38. Nxb3 Qf2+ 39. Kb1 Qa2+ 40. Kxa2 Kg8 41. a8=Q+
Kh7 42. Qf8 Kg6 43. Qxg7#) 38. Rxd3 (38. Rxd3 Qc5+ 39. Rc3 Qe7 40. a8=Q+ Kf7
41. Qa2+ Kg6 42. Rxe7 Kh7 43. Qf7 f5 44. Qxg7#) (38. Kxd3 Qf1+ 39. Nxf1 Kg8 40.
a8=Q+ Kh7 41. Qf8 Kg6 42. Qxg7#) 1-0

[Event "ICS rated blitz match"]
[Site "207.99.83.227"]
[Date "1999.03.31"]
[Round "?"]
[White "TDChess"]
[Black "Hossa"]
[Result "1-0"]
[WhiteElo "2633"]
[BlackElo "2436"]
[Annotator "Fritz 5.32 (15s)"]
[PlyCount "155"]

1. Nf3 d5 2. d4 Nf6 3. c4 e6 4. e3 Be7 5. Bd3 O-O 6. O-O c5 (6... b6 7. b3 c5
8. Bb2 Nc6 9. Nbd2 Bb7 10. Qe2 dxc4 (10... Rc8 11. Rad1 Rc7 12. dxc5 Bxc5 13.
cxd5 Nxd5 14. Ne4 Be7 15. Ne5 Qe8 16. Nxc6 Bxc6 17. Qg4 g6 18. Bc4 Qd8 19. Qh3
f5 20. Nc3 Rd7 21. e4 Nf4 22. Qe3 fxe4 23. Rxd7 Qxd7 24. Nxe4 Bxe4 25. Qxe4 {
Igor,P-Kuijpers,F/Wijk aan Zee 1970/0-1 (57)}) 11. bxc4 Qc7 12. Rad1 Rfd8 13.
a3 Rac8 14. Rfe1 cxd4 15. exd4 Qf4 16. Ne4 Na5 17. Neg5 Bd6 18. d5 exd5 19. g3
Qg4 20. Bxf6 gxf6 21. Nxf7 Kg7 22. Nxd6 {
1-0 Doettling,F-Kosyrev,V/EuYouth U18 Boys, Tallinn EST 1997 (22)}) 7. a4 $146
(7. b3 cxd4 8. exd4 Nc6 9. Bb2 Qc7 10. Nbd2 Ng4 11. h3 Nf6 12. Rc1 Bd6 13. Bb1
Bf4 14. Re1 Re8 15. cxd5 Nxd5 16. Qc2 f5 17. a3 Qb8 18. Qd1 e5 19. dxe5 Nxe5
20. Nxe5 Bxe5 21. Bxe5 21... Rxe5 {
Kourdov,G-Dahmant,N/WchJM-U12 Duisburg 1992/1-0 (48)}) (7. dxc5 Na6 8. cxd5
Nxc5 9. Nc3 Nxd5 10. Nxd5 Qxd5 11. Be2 Qe4 12. Qd4 Rd8 13. Qxe4 Nxe4 14. Rd1
Bd7 15. Ne5 Be8 16. f3 Rxd1+ 17. Bxd1 Rd8 18. Be2 Nc5 19. Kf1 Bd6 20. Nd3 Nxd3
21. Bxd3 21... Bxh2 {Bruk,O-Huzman,A/ISR-chT 1996/ - (94)}) (7. cxd5 exd5 8.
dxc5 8... Bxc5 $11) 7... Nc6 8. Nc3 cxd4 9. exd4 dxc4 10. Bxc4 Bd7 11. Ne5 (11.
Be3 11... Qc7 $11) 11... Rc8 12. Nxd7 (12. b3 Qa5 13. Nb5 13... Rfd8 $15) 12...
Qxd7 13. Be3 13... Nb4 $15 (13... Rfd8 14. Bb5 $17) 14. Be2 14... Nbd5 {
Nicht von der Hand zu weisen} 15. Qb3 Bd6 16. Nb5 Bb8 ({Nicht} 16... Nxe3 17.
fxe3 (17. Qxe3 $143 17... Rc2 $15) (17. Nxd6 $143 17... Nxf1 18. Nxc8 18... Nd2
$15) 17... Bb8 18. Rad1 $11) 17. Rac1 a6 18. Na3 18... Qd6 {Droht Matt: Qxh2}
19. g3 {Sichert f4} 19... Qd7 (19... Qb4 20. Qxb4 Nxb4 21. Rc4 Rxc4 22. Nxc4
$15) 20. Nc4 (20. Bf3 20... h6 $11) 20... b5 21. axb5 Qxb5 22. Qd3 22... Kh8
$11 (22... Rc7 23. Ra1 $15) 23. Bd2 23... Rc6 $14 (23... Ba7 24. Bc3 $11) 24.
Qa3 24... Nd7 $2 $18 (24... Rcc8 $14 $142 {sieht noch spielbar aus}) 25. Bd3 {
Droht Na5} 25... Rxc4 26. Bxc4 Qb6 27. Rfd1 Kg8 28. Be1 (28. Qxa6 Qxb2 29. Rb1
29... Qc2 $18) 28... N7f6 29. b3 Ne4 (29... Bc7 30. Qxa6 Rb8 31. Qxb6 Bxb6 32.
Ra1 $18) 30. Bxa6 Bd6 31. Qa4 Ng5 32. Rc6 Qd8 33. Ba5 (33. Be2 $5 {ist genauer}
33... Nh3+ 34. Kh1 Bb4 35. Bxb4 35... Nxb4 $18) 33... Qe7 (33... Qf6 34. Bf1
$18 (34. Rxd6 $6 {ist sichtlich schlechter} 34... Qf3 35. Rd2 Nh3+ 36. Kf1 Qh1+
37. Ke2 Qe4+ 38. Kf1 Qh1+ 39. Ke2 Qe4+ 40. Kf1 40... Qh1+ $11)) 34. Be2 Nh3+
35. Kg2 Ng5 (35... Ndf4+ 36. gxf4 Qh4 37. Rf1 (37. Rxd6 $6 37... Qxf2+ 38. Kxh3
Qe3+ 39. Kg2 Qxe2+ 40. Kg3 Qe3+ 41. Kg2 Qe2+ 42. Kg1 Qe3+ 43. Kf1 Qf3+ 44. Ke1
Qe3+ 45. Kf1 Qf3+ 46. Kg1 Qe3+ 47. Kh1 Qf3+ 48. Kg1 48... Qe3+ $11) 37... Nxf4+
38. Kh1 $18) 36. Rdc1 Ba3 (36... Qf6 37. Re1 $18) 37. Ra1 (37. Rc7 $5 $142 {
und Weiss haette es noch leichter} 37... Qf6 38. Qxa3 Nxc7 39. Rxc7 39... Qxd4
$18) 37... Bb4 (37... Bd6 38. Qb5 $18) 38. Bxb4 (38. Rc7 {
damit wuerde Weiss es sich noch erleichtern} 38... Nxc7 39. Bxb4 Qd8 40. Bxf8
Kxf8 41. Qb4+ 41... Kg8 $18) 38... Nxb4 39. Rc5 Nd5 40. Qc6 (40. Qa8 $1 {
laesst dem Gegner kaum Chancen} 40... Qd7 $18) 40... Ne4 41. Rcc1 (41. Rc2 {
damit wuerde Weiss es sich noch erleichtern} 41... Nxf2 42. Kxf2 42... Nb4 $18)
41... Qf6 42. f3 Nd2 (42... Ne3+ 43. Kg1 Ng5 44. h4 Qxd4 45. Ra8 (45. hxg5 $6 {
ist klar schwaecher} 45... Nc2+ 46. Kh1 46... Nxa1 $14) 45... Nd1+ 46. Kh1 $18)
43. Ra8 (43. Qb7 {und Weiss haette es noch leichter} 43... g5 44. Rc8 Rxc8 45.
Qxc8+ 45... Kg7 $18) 43... g5 44. Rxf8+ Kxf8 45. Qa4 (45. Qa8+ $5 45... Kg7 46.
Rc8 46... Ne7 $18) 45... Kg7 46. Rc5 $16 (46. Kh1 $5 $18 $142) 46... Kh6 $2 $18
(46... g4 47. f4 47... Qg6 $11) 47. h3 $16 (47. Rxd5 $142 {
erleichterte Weiss die Gewinnfuehrung} 47... exd5 48. Qb4 Nxb3 49. Qxb3 Qxd4
50. Qd3 $18) 47... Ne3+ 48. Kf2 Nd5 49. Rc1 (49. Rc8 $5 $16) 49... Ne4+ 50. Kg2
$11 (50. Ke1 Nxg3 51. Rc5 51... Nf5 $11) 50... Nxg3 51. Bc4 (51. Bd3 51... g4
$1 {bringt Schwarz in Vorteil} 52. hxg4 52... Qh4 $19) 51... Qf4 {
Droht Matt: Qd2} 52. Qa3 $2 (52. Bxd5 Qxc1 53. Bc4 Qh1+ 54. Kf2 Qh2+ 55. Ke1
Qg1+ 56. Kd2 Qxd4+ 57. Bd3 Nf1+ 58. Ke2 Qe3+ 59. Kxf1 Qxf3+ 60. Kg1 Qg3+ 61.
Kf1 Qxd3+ 62. Kg2 $19) 52... Nf5 $11 (52... Ne4 53. Qf8+ Kh5 54. Qxf7+ Qxf7 55.
Bxd5 Qf4 56. Bxe4 56... Qxc1 $19) 53. Bxd5 Qd2+ 54. Kg1 {Mit der Absicht Bc6}
54... Qxd4+ 55. Kh1 (55. Kg2 Qd2+ 56. Kg1 Qd4+ 57. Kg2 Qd2+ 58. Kg1 58... Qd4+
$11) 55... Qxd5 56. b4 $2 $17 (56. Qf8+ $5 $142 {und Weiss spielt mit} 56...
Kg6 57. Qg8+ Ng7 58. Rf1 $15) 56... Qd2 $15 (56... Ng3+ $5 $142 57. Kg2 Qd2+
58. Kxg3 58... f5 $17) 57. Rg1 Qf2 58. f4 $17 (58. Qc3 $5 58... Nd4 59. Qc5
Qxf3+ 60. Kh2 Qf4+ 61. Kh1 $17) 58... gxf4 59. Rg2 Qe1+ 60. Rg1 Qe4+ 61. Kh2
Nh4 62. Qc3 (62. b5 Nf3+ 63. Kh1 Nxg1+ 64. Kxg1 64... Kg6 $19) 62... Nf3+ 63.
Kh1 63... e5 $1 {nun ist alles klar} (63... Nxg1+ $6 64. Kxg1 f3 65. Qd2+ Kg6
66. Qf2 $19) 64. Qb2 Nxg1+ 65. Kxg1 Qe3+ 66. Qf2 66... Qxf2+ $4 $18 {
vergibt den sicheren Gewinn} (66... Qd3 $19 $142 {
und Schwarz bekommt die Oberhand}) 67. Kxf2 Kg5 68. b5 f6 69. b6 Kh4 70. b7
Kxh3 71. Kf3 {Es droht Matt} 71... h5 72. b8=Q {Mit der Mattdrohung Qb1} 72...
Kh4 (72... e4+ {aendert nichts am Ausgang der Partie} 73. Kxe4 Kg2 74. Qxf4 f5+
75. Ke3 h4 76. Qf2+ Kh1 77. Qf1+ Kh2 78. Kf2 h3 79. Qg1#) 73. Qg8 Kh3 74. Qg2+
Kh4 75. Ke4 f3 76. Kxf3 e4+ 77. Kf4 f5 (77... e3 {hilft allerdings auch nicht}
78. Qg3#) 78. Qg3# 1-0

[Event "ICS Rated blitz match"]
[Site "207.99.83.227"]
[Date "1999.03.31"]
[Round "?"]
[White "totoff"]
[Black "Hossa"]
[Result "1/2-1/2"]
[WhiteElo "2185"]
[BlackElo "2428"]
[Annotator "Fritz 5.32 (15s)"]
[PlyCount "161"]

1. e4 c5 2. Nf3 Nc6 3. Bb5 a6 4. Bxc6 dxc6 5. d3 Bg4 (5... Qc7 6. O-O e5 7. a4
a5 8. Na3 Bd6 9. Nc4 Ne7 10. Nh4 O-O 11. b3 f6 12. f4 exf4 13. Nxd6 Qxd6 14.
Bxf4 Qd4+ 15. Kh1 Be6 16. Qe1 b6 17. Qg3 Rf7 18. Be3 Qd7 19. Rf2 Raf8 20. Raf1
{Rozentalis,E-Galliamova,A/Eu Club Cup Finals, Kazan RUS 1997/ - (54)}) 6. Nbd2
(6. h3 Bh5 7. g4 Bg6 8. h4 f6 9. h5 Bf7 10. Nc3 Qc7 11. Be3 e5 12. Qe2 O-O-O
13. Nh4 g6 14. O-O-O b5 15. hxg6 hxg6 16. g5 Qa5 17. f4 b4 18. Nb1 Qxa2 19. f5
Qa1 20. b3 a5 21. Qg4 gxf5 22. Qxf5+ Kb7 23. g6 Be8 24. Qg4 Bd7 25. g7 Rxh4 26.
Qxh4 Be7 27. Qf2 Kb6 28. c3 {
1-0 Sedina,E-Horvath,P/2nd op, Nova Gorica SLO 1997 (28)}) 6... Nf6 7. h3 Bh5
8. O-O $146 (8. a4 e6 9. a5 Nd7 10. Nc4 f6 11. Bd2 Qc7 12. g4 Bf7 13. e5 Be7
14. Qe2 fxe5 15. Bc3 O-O 16. Nfxe5 Rae8 17. O-O-O Bg5+ 18. Kb1 Bf4 19. h4 Nf6
20. Bd2 Nd5 21. Bxf4 Nxf4 22. Qf3 22... Bg6 {
Weigler,A-Stelzer,H/OLBaden 1992/1-0 (41)}) (8. Nc4 8... Qc7 $11) 8... Nd7 9.
b3 e5 10. Bb2 Qf6 11. g4 Bg6 12. Nh2 $11 (12. Nc4 $5 $14) 12... Rc8 $14 (12...
Qe6 $5 $11) 13. Qf3 $11 (13. f4 13... h5 $14) 13... h5 14. Qxf6 (14. Qg3 hxg4
15. Nxg4 15... Qf4 $11) 14... gxf6 15. f3 $15 (15. Kg2 $5 $11 {
ist nicht von der Hand zu weisen}) 15... Kd8 (15... hxg4 16. hxg4 b5 17. Rfe1
$15) 16. a4 $17 (16. Kg2 Bh6 17. Nc4 17... Kc7 $15) 16... Kc7 $15 (16... hxg4
17. hxg4 Bh6 18. Rfd1 $17) 17. a5 $17 (17. Kg2 Bh6 18. Nc4 18... Bf4 $15) 17...
Kb8 $15 (17... hxg4 18. Nxg4 Rxh3 19. Nxf6 Bg7 (19... Nxf6 $143 20. Bxe5+ Bd6
21. Bxf6 $14) 20. Nxd7 20... Kxd7 $11) 18. Kg2 Bd6 19. Nc4 Bc7 20. Rh1 Rcg8 21.
Nf1 hxg4 22. hxg4 Rf8 (22... Rxh1 23. Kxh1 Nf8 24. Nfe3 $14) 23. Ng3 23... Rxh1
$16 (23... Rd8 $5 $11 $142 {kommt in Betracht}) 24. Rxh1 Rg8 25. Rh2 (25. Nf5
25... Ka7 $16) 25... Nf8 26. Bc1 Ne6 27. Be3 (27. Kf2 Nd4 28. Ke3 28... Rg7 $16
) 27... Rf8 $16 (27... Nd4 28. Bxd4 cxd4 29. Nf5 $14) 28. Nf1 $14 (28. Nh5
28... Bd8 $16) 28... Nd4 $16 (28... Rg8 29. Bf2 $14) 29. Bxd4 $14 (29. Kg3
29... Rg8 $14) 29... cxd4 30. Nfd2 $11 (30. Ng3 30... Bd8 $14) 30... Rg8 31.
Nf1 f5 32. exf5 Bxf5 33. Rh5 (33. Ng3 33... Be6 $11) 33... Bg6 34. Rh1 f5 35.
Ng3 fxg4 36. fxg4 Bf7 37. Rh4 Bxc4 38. bxc4 Bxa5 39. Kf3 Be1 40. Rh7 Bxg3 41.
Kxg3 Re8 42. Kf3 a5 43. Rh1 Kc7 44. c5 Rf8+ 45. Kg3 $17 (45. Ke4 $5 $15 {
muss unbedingt geprueft werden}) 45... Rd8 $15 (45... Kd7 $5 $17) 46. g5 (46.
Kf3 46... Rg8 $15) 46... a4 $11 (46... Kd7 47. Rh7+ Ke6 48. Rxb7 $11) 47. Ra1
Ra8 48. Kg4 b6 49. cxb6+ (49. g6 bxc5 50. Kf5 50... c4 $14) 49... Kxb6 50. g6
50... Rg8 $14 (50... Kb5 51. Kf5 $14) 51. Kg5 {
Der weisse Koenig wird gefaehrlich. Weiss geht zum Angriff ueber} 51... Kb5 52.
Kf6 {Mit der Drohung g7} 52... Rf8+ 53. Ke7 Rc8 54. g7 {Weiss droht Rg1} 54...
e4 $18 (54... Kb4 $5 $16 $142) 55. dxe4 {
Der Freibauer e4 fuehrt schnell zu Drohungen} 55... Kb4 56. Kf7 d3 (56... Rc7+
57. Kg6 Rc8 58. Kh7 $18) 57. cxd3 Kb3 (57... Rc7+ {hilft auch nicht mehr} 58.
Kg6 Rc8 59. Kh7 $18) 58. g8=Q {Es droht Matt} 58... Rxg8 59. Kxg8 c5 60. e5 a3
61. e6 a2 62. Rxa2 Kc3 63. e7 {Droht Matt} 63... Kb3 64. e8=Q (64. Ra7 Kc3 65.
e8=Q c4 66. Qe5+ Kd2 67. Ra2+ Kxd3 68. Re2 c3 69. Qe4#) 64... Kxa2 65. Qa4+ Kb2
66. Kf7 Kc1 67. Ke6 Kb2 68. Ke5 Kc3 69. Ke4 {Mit der Mattdrohung Ke3} 69... Kb2
(69... c4 {aendert nichts mehr} 70. Qxc4+ Kb2 71. Kd4 Ka3 72. Qb5 Ka2 73. Kc3
Ka3 74. Qb3#) 70. Qc4 Ka3 (70... Kb1 {hilft allerdings auch nicht} 71. Ke3 Kb2
72. Kd2 Ka3 73. Qb5 c4 74. Kc3 cxd3 75. Qb3#) 71. Ke3 $18 (71. Qc2 c4 72. Qc3+
Ka2 73. Kd4 cxd3 74. Kxd3 Kb1 75. Qb4+ Ka2 76. Kc3 Ka1 77. Qb2#) 71... Kb2 72.
Kd2 Ka3 73. Qc3+ (73. Qb5 c4 74. Kc3 cxd3 75. Qb3#) 73... Ka4 74. Kc2 (74. Qxc5
Kb3 75. Qb6+ Ka4 76. Kc3 Ka3 77. Qb3#) 74... Kb5 75. Qc4+ $18 (75. Qf6 c4 76.
Qd6 cxd3+ 77. Kxd3 Ka4 78. Kc4 Ka5 79. Qe6 Ka4 80. Qa6#) 75... Kb6 76. d4 (76.
Qe6+ Kb7 77. Qd7+ Kb8 78. Kb3 Ka8 79. Kc4 Kb8 80. Kxc5 Ka8 81. Kc6 Kb8 82. Qb7#
) 76... cxd4 77. Qxd4+ Kc6 (77... Kc7 {
aendert den traurigen Lauf der Dinge nicht} 78. Kd3 Kc6 79. Kc4 Kc7 80. Kc5 Kb7
81. Qd7+ Kb8 82. Kc6 Ka8 83. Qb7#) 78. Kc3 Kc7 79. Kc4 Kc8 (79... Kc6 {
nuetzt auch nichts mehr} 80. Qd8 Kb7 81. Kc5 Ka7 82. Kc6 Ka6 83. Qb6#) 80. Kc5
Kb8 (80... Kc7 {aendert den traurigen Lauf der Dinge nicht} 81. Qg7+ Kc8 82.
Kc6 Kd8 83. Qd7#) 81. Qd6+ (81. Qd7 Ka8 82. Kc6 Kb8 83. Qb7#) 1/2-1/2

[Event "ICS rated blitz match"]
[Site "207.99.83.227"]
[Date "1999.03.31"]
[Round "?"]
[White "Hossa"]
[Black "egya"]
[Result "1-0"]
[WhiteElo "2419"]
[BlackElo "2172"]
[Annotator "Fritz 5.32 (15s)"]
[PlyCount "41"]

1. e4 d5 2. exd5 Nf6 3. Bb5+ Bd7 4. Bc4 Bg4 5. f3 Bc8 6. Nc3 Nbd7 7. d3 (7. d4
Nb6 8. Bb3 Nbxd5 9. Nxd5 Nxd5 10. c4 Nf6 11. Ne2 g6 12. Be3 Bg7 13. O-O O-O 14.
Qd2 {- Blehm,P-Kaminski,M/Polish Team-ch, Krynica POL 1997 (14)}) 7... Nb6 {
Wird d5 fallen?} 8. Bf4 $146 (8. Bb3 Nbxd5 9. Nge2 e6 10. Bg5 Be7 11. Qd2 O-O
12. O-O h6 13. Bh4 Bd7 14. Bf2 Bc6 15. Rfe1 b6 16. Ng3 Bb7 17. Nge4 17... Nxc3
{- Pirthac,E-Budoelina,S/EuYouth U14 Girls, Tallinn EST 1997 (17)}) (8. Nge2
Nfxd5 9. Nxd5 Nxd5 10. O-O g6 11. Ng3 Bg7 12. f4 e6 13. Qf3 c6 14. c3 O-O 15.
d4 b6 16. Bb3 Bb7 17. Ne4 Qe7 18. Re1 c5 19. dxc5 bxc5 20. Ng5 c4 21. Bc2 h6
22. Ne4 22... f5 {(RUS),M-(BLR),B/Minsk (Belarus) 1963/0-1 (33)}) 8... Nh5 (
8... Nbxd5 9. Nxd5 Nxd5 10. Bxd5 Qxd5 11. Bxc7 $14) 9. Nge2 Nxf4 10. Nxf4 Qd6
11. Qd2 11... a6 $16 {Ueberdeckt b5} (11... Qe5+ 12. Nfe2 $14) 12. O-O-O g6 (
12... g5 13. Nfe2 $16) 13. Ne4 Qe5 14. d4 Qg7 15. Be2 $14 (15. Bb3 15... Bf5
$16) 15... h5 $16 {Schwarz muss dringend die Entwicklung vorantreiben.} (15...
g5 16. Nh5 Qg6 17. Nhg3 $14 (17. Qxg5 $4 {der Bauer ist nicht zu nehmen} 17...
Bh6 18. h4 Bxg5+ 19. hxg5 19... Nxd5 $19)) 16. Qc3 $11 (16. g4 $5 $16 $142)
16... g5 $16 (16... Qh6 $142 {damit waere Schwarz im Spiel geblieben} 17. Qd2
17... Qg7 $11) 17. Qxc7 gxf4 18. Qxb6 Qxg2 (18... Rh6 $5 19. Qc7 19... f5 $18)
19. Rhe1 {Mit der Mattdrohung Nf6} 19... Qxh2 $4 {fuehrt zum raschen Untergang}
(19... Rh6 20. Nf6+ $1 {nicht am Material kleben ist die Devise} 20... Rxf6 21.
Qxf6 exf6 22. Bf1+ Kd8 23. Bxg2 23... b5 $18) 20. Nf6+ exf6 21. Bb5# 1-0

[Event "ICS rated blitz match"]
[Site "207.99.83.227"]
[Date "1999.03.31"]
[Round "?"]
[White "Hossa"]
[Black "egya"]
[Result "1-0"]
[WhiteElo "2431"]
[BlackElo "2160"]
[Annotator "Fritz 5.32 (15s)"]
[PlyCount "91"]

1. e4 g6 2. Be2 Bg7 3. Nc3 d6 4. Nf3 Nf6 5. O-O O-O 6. d4 c6 7. e5 Ne8 8. exd6
Nxd6 9. Bf4 Nd7 10. Qd2 10... Nb6 $146 (10... Nf6 11. Rad1 Bf5 12. Bd3 Bg4 13.
Be2 Qa5 14. Ne5 Bxe2 15. Qxe2 Rad8 16. Rd3 Nf5 17. Nf3 Rfe8 18. Be5 b5 19. a3
Nd6 20. Nd2 Qb6 21. Nd1 Nf5 22. Nf3 c5 23. dxc5 Qxc5 24. Nc3 Rxd3 25. Qxd3 a6
26. Rd1 Nh4 27. Bd4 Nxf3+ 28. Qxf3 Qc7 29. Be3 h5 30. h3 Rc8 31. Bf4 Qc6 32.
Qe3 Qb7 33. Be5 Qc6 34. Qd4 Re8 35. Rd2 Rc8 36. Nd5 Qxd5 37. Qxd5 Nxd5 38. Bxg7
Kxg7 39. Rxd5 Rxc2 40. Rd7 Rxb2 41. Ra7 Ra2 42. Rxa6 b4 43. a4 b3 44. Rb6 b2
45. Kh2 {Lehmann,K-Smejkal,J/BL 1988/0-1 (81)}) 11. Ne5 (11. Bh6 Nbc4 12. Qc1
Bxh6 13. Qxh6 13... Nf5 $11 (13... Nxb2 $4 {
den sollte Schwarz lieber stehen lassen} 14. Ng5 Re8 15. Qxh7+ Kf8 16. Qh8#))
11... Be6 (11... f6 12. Nf3 $11) 12. Rad1 Ndc4 13. Bxc4 (13. Qc1 Nxe5 14. Bxe5
14... f6 $11) 13... Nxc4 14. Nxc4 Bxc4 15. Rfe1 Re8 16. Be5 f6 17. Bg3 Qd7 18.
Ne4 (18. b3 18... Bf7 $14) 18... b6 {Staerkt c5} ({Und nicht} 18... Bxa2 19. b3
$16) 19. Qc3 (19. b3 19... Ba6 $11) 19... Bd5 ({Weniger gut ist} 19... Bxa2 20.
b3 f5 21. Ng5 $16) 20. Qd3 Rad8 ({Nachteilig ist} 20... Bxa2 21. b3 $16) 21.
Nc3 Bf7 22. Qe2 Qf5 23. a4 h5 24. b4 g5 25. a5 $15 {
Weiss engt den Gegner ein. Weiss erhaelt starke Initiative} (25. h3 $5 $11 {
sieht spielbar aus}) 25... bxa5 26. Bc7 Rd7 (26... axb4 27. Bxd8 bxc3 28. Bc7
$15) 27. Bxa5 27... Bg6 $14 (27... e5 $5 $142 {und Schwarz kann noch kaempfen}
28. Qa6 Rxd4 29. Qxa7 Rxd1 30. Rxd1 30... Qxc2 $17) 28. Qc4+ Kh7 29. Qxc6 Rd6
30. Qc5 Qxc2 31. Rc1 Qd3 32. Nb5 Rd7 33. Qc6 Qf5 34. Rc5 {
Von c5 entfaltet der Turm einige Wirkung} 34... e5 35. Nd6 35... Rxd6 {
Schwarz muss Material zurueckgeben} 36. Qxd6 36... Bf8 $18 (36... exd4 $5 37.
Rf1 Qf4 38. Qxf4 38... gxf4 $16) 37. Rc7+ $16 (37. Qc7+ $5 $142 37... Kg8 38.
Rcc1 $18) 37... Kh6 38. Qa6 38... exd4 {
Droht Matt. Die Oeffnung der e-Linie verschafft Schwarz Drohungen} 39. Rf1 $14
(39. Rxe8 Bxe8 40. Rc1 40... Bb5 $14) 39... d3 {Der Freibauer marschiert} 40.
f4 $15 (40. b5 $5 $14 $142 {kam sehr in Betracht}) 40... d2 41. fxg5+ 41...
Qxg5 {Droht entscheidend Re1} 42. Rd7 (42. Rxa7 Re1 43. Rd7 Qe3+ 44. Kh1 Qf2
45. Bb6 Rxf1+ 46. Qxf1 Qxf1+ 47. Bg1 Bxb4 48. Rd8 Bc5 49. Rh8+ Kg7 50. Rg8+
Kxg8 51. g4 Qxg1#) (42. Qxa7 $4 {das Schlagen des Bauern ist schlecht} 42...
Re1 43. Rd7 Qb5 44. Qe3+ Rxe3 45. Rxd2 45... Bd3 $19) 42... Qe3+ $4 $14 {
wirft den Vorteil weg} (42... Re1 43. h4 Qe3+ 44. Kh2 Qe5+ 45. g3 Re2+ 46. Qxe2
Qxe2+ 47. Kg1 47... Be7 $19) 43. Kh1 {Weiss droht stark b5} 43... Qe1 $2 $18 (
43... Re7 $142 44. Rd8 44... Qc3 $14) 44. Bc7 {Es droht Matt} 44... Qxf1+ (
44... Re7 45. Rxd2 45... Bg7 $18) 45. Qxf1 Re1 (45... Bf5 {
bietet noch letzte Rettungschancen} 46. Rxd2 $1 {die Entscheidung} 46... Bxb4
$18) 46. Bf4# 1-0